| 000 | 00483nam a2200157 a 4500 | ||
|---|---|---|---|
| 001 | 000026997 | ||
| 005 | 20200930030534.0 | ||
| 008 | 110328s1996 dr ac 000 0 spa d | ||
| 040 |
_aDO-SdBNP _bspa _cBNPHU |
||
| 100 | 1 |
_aTorres Tejeda, Jesús _954096 |
|
| 245 | 1 | 0 |
_aFichero artístico dominicano / _cJesús Torres Tejedas. |
| 260 |
_aSanto Domingo : _bEditora Intergrafic, _c1996. |
||
| 300 |
_av. : _bil., retrs. ; _c28 cm. |
||
| 500 | _aLa biblioteca posee el v. 1 | ||
| 049 | _aBNPD | ||
| 999 |
_c26489 _d26489 |
||